000 00286 a2200133 4500
000 nam a22 7a 4500
100 _aB.D. Singh
110 _aB.D. Singh
245 _aPlant biotechnology
250 _alatest
260 _bMedtech
_c2026
264 _bMedtech
_c2026
942 _cBK
999 _c395000
_d395000